El desafío de la globalización: ingenieros chilenos para un mundo interdependiente

Uloženo v:
Podrobná bibliografie
Hlavní autoři: Abrigo F., José (Autor), Pavez S., Alvaro (Autor)
Médium: Kniha
Jazyk:španělština
Vydáno: Santiago s.n 1993
Témata:
Tagy: Přidat tag
Žádné tagy, Buďte první, kdo vytvoří štítek k tomuto záznamu!

MARC

LEADER 00000nam a2200000 a 4500
001 UCX7399
003 CL-VaPUC
005 20211026084324.0
008 931209e19930000cl 1 spa d
082 0 4 |a 620.009  |b ABR  |2 21 
100 1 |a Abrigo F., José  |e author  |9 616895 
700 1 |a Pavez S., Alvaro  |e author  |9 616896 
245 1 3 |a El desafío de la globalización: ingenieros chilenos para un mundo interdependiente 
260 |a Santiago  |b s.n  |c 1993 
300 |a 184 p 
583 |a last modification  |c 20120711 10:44:10  |k Rodrigo Vera 
650 0 0 |a Ingenieros  |9 361359 
651 7 |a CHILE  |2 CL-VaPUC  |9 616897 
942 |c BK 
945 |a mfernand  |d 19931209 00:00:00 
546 |a En Español 
518 |p Encuentro Nacional de Estudiantes de Ingeniería, 2, Santiago, Chile, 1991 
999 |c 382175  |d 382173 
952 |0 0  |1 0  |4 0  |6 620_009000000000000_ABR_1993  |7 0  |8 A  |9 503735  |a BIBING  |b BIBING  |d 2020-01-23  |i 294619K  |o 620.009 ABR 1993  |p 294619K  |r 2025-01-20  |w 2020-01-23  |y BK  |k ING 
952 |0 0  |1 0  |4 0  |6 620_009000000000000_ABR_1993  |7 0  |8 A  |9 503736  |a BIBING  |b BIBING  |d 2020-01-23  |i 294622K  |o 620.009 ABR 1993  |p 294622K  |r 2025-01-20  |w 2020-01-23  |y BK  |k ING 
952 |0 0  |1 0  |4 0  |6 620_009000000000000_ABR_1993  |7 0  |8 A  |9 503737  |a BIBING  |b BIBING  |d 2020-01-23  |i 2946238  |o 620.009 ABR 1993  |p 2946238  |r 2025-01-20  |w 2020-01-23  |y BK  |k ING